00247nam a2200109Ia 4500008004100000041001200041082001100053100001700064245004300081260000600124650000700130221030s9999 xx 000 0 und d aEnglish a105.23 aB. S. Bhatia 0aIndustrial Managementcby B. S. Bhatia c0 aMb